| 000 | 00630nam a2200193Ia 4500 | ||
|---|---|---|---|
| 005 | 20250508155023.0 | ||
| 008 | 008 250505s9999 xx 000 0 eng d | ||
| 037 | _aBooks to be hide in OPAC | ||
| 040 |
_aFEDL _beng _cFEDL |
||
| 041 |
_aeng _2eng |
||
| 084 |
_a001.4, JNT _qFEDL |
||
| 245 | 0 | _aOrganization of educational research | |
| 245 | 0 | _cInternational Conference on Public Education | |
| 260 |
_aParis, France _bUnited Nations Educational, Scientific and Cultural Organization _c1966 |
||
| 300 | _axlix, 171p. | ||
| 650 | _aEducational Research | ||
| 942 |
_cHB _h001.4, JNT |
||
| 999 |
_c1353446 _d1353446 |
||